Automatizovaný systém pre pestovanie čili papričiek

Saved in:
Bibliographic Details
Main Author: Hlina, Michal (Author)
Other Authors: Krchnák, Jakub (Thesis advisor)
Format: Manuscript Book
Language:Slovak
Published: Bratislava : STU v Bratislave FEI, 2024
Subjects:
Online Access:https://opac.crzp.sk/?fn=detailBiblioFormChildE145B9&sid=A6A9937D4AB687F472CF85A9E4AF&seo=CRZP-detail-kniha
Tags: Add Tag
No Tags, Be the first to tag this record!

MARC

LEADER 00000ntm a22000003a 4500
001 stuzp96380
003 SK-STU
005 20250327134431.4
007 ta
008 150427s2015----xo-----f-mn---000-0-slo-d
040 |a STU  |b slo 
041 0 |a slo 
044 |a xo 
100 1 |a Hlina, Michal  |u 034000  |4 aut  |U FEI Fakulta elektrotechniky a informatiky  |T FEI Ústav elektrotechniky  |X 115428  |U E040  |Y 550  |7 115428 
242 0 1 |a Automated system for chilli pepper cultivation  |y eng 
245 1 0 |a Automatizovaný systém pre pestovanie čili papričiek 
260 |a Bratislava :  |b STU v Bratislave FEI,  |c 2024 
300 |a 64 s., príl. 
650 4 |a automatizovaný polievací systém  |2 slo 
650 4 |a Raspberry pi  |2 slo 
650 4 |a Senzorové meranie  |2 slo 
650 4 |a sensor measurement  |2 eng 
650 4 |a automated cultivating system  |2 eng 
650 4 |a Raspberry Pi  |2 eng 
700 1 |a Krchnák, Jakub  |u 034000  |k Z3  |4 ths  |U FEI Fakulta elektrotechniky a informatiky  |T FEI Ústav elektrotechniky  |X 87089  |U E040  |Y 550  |7 87089 
856 4 |u https://opac.crzp.sk/?fn=detailBiblioFormChildE145B9&sid=A6A9937D4AB687F472CF85A9E4AF&seo=CRZP-detail-kniha